| 000 | 00834nas a2200253 4500 | ||
|---|---|---|---|
| 001 | BR9602072 | ||
| 003 | BR-BrBNA | ||
| 005 | 20231205095739.0 | ||
| 007 | ta | ||
| 008 | 230509b bl.|||p| |||| 00| 00por d | ||
| 040 |
_aBR-BrBNA _bpor _cBiblioteca Nacional de Agricultura |
||
| 041 | _a(Pt) | ||
| 072 | _aL73 | ||
| 100 | 1 | _aPinto, F.G. | |
| 100 | 1 | _aFabris, V.C. | |
| 245 | 1 | _aDistribuicao de mastocitos, eosinofilos e vasos sanguineos em amostras de pele normal e com algumas afeccoes cutaneas do cao (Canis familiaris) | |
| 650 | _aCao | ||
| 650 | _aPele | ||
| 650 | _aVasos Sanguineos | ||
| 650 | _aDermatite | ||
| 773 | 0 |
_tArquivo Brasileiro de Medicina Veterinaria e Zootecnia (Brazil) _xISSN 0102-0935 _g(Aug 1995), v. 47(4) p. 511-523 _wBR9602072 |
|
| 909 |
_a202311 _bLúcia _c55 _dLúcia Elande |
||
| 942 |
_2AGRIS _n0 _cANA |
||
| 999 |
_c152487 _d152487 |
||